| 000 | 00413nam a2200181Ia 4500 | ||
|---|---|---|---|
| 003 | 0100 | ||
| 008 | 130303s9999 xx 000 0 und d | ||
| 040 | _cARRUPELIB | ||
| 050 | _aBS1505.2.L5 | ||
| 100 | _aLindblom, Johannes | ||
| 245 | _aProphecy in ancient Israel | ||
| 260 | _aPhiladelphia | ||
| 260 | _bMuhlenberg Press | ||
| 260 | _C1962 | ||
| 300 | _a472p | ||
| 700 | _aJohannes Lindblom | ||
| 942 | 0 | 0 | _07 |
| 999 |
_c44609 _d44609 |
||